<?xml version="1.0" encoding="UTF-8"?>
<collection xmlns:xsi="http://www.w3.org/2001/XMLSchema-instance" xsi:schemaLocation="http://www.loc.gov/MARC21/slim http://www.loc.gov/standards/marcxml/schema/MARC21slim.xsd" xmlns="http://www.loc.gov/MARC21/slim">
 <record>
  <leader>00000cmm a22000004i 4500</leader>
  <controlfield tag="001">UP-99796217613546862</controlfield>
  <controlfield tag="003">Buklod</controlfield>
  <controlfield tag="005">20201109133752.0</controlfield>
  <controlfield tag="006">m    go  j        </controlfield>
  <controlfield tag="007">ta</controlfield>
  <controlfield tag="008">201109s2006    xx     d        u        </controlfield>
  <datafield tag="035" ind1=" " ind2=" ">
   <subfield code="a">(iLib)UPD-00519870760</subfield>
  </datafield>
  <datafield tag="040" ind1=" " ind2=" ">
   <subfield code="a">DMLF</subfield>
   <subfield code="e">rda</subfield>
  </datafield>
  <datafield tag="041" ind1=" " ind2=" ">
   <subfield code="a">eng</subfield>
  </datafield>
  <datafield tag="100" ind1="1" ind2=" ">
   <subfield code="a">Dancel, Maria Cristina Argel</subfield>
   <subfield code="e">author.</subfield>
  </datafield>
  <datafield tag="245" ind1="1" ind2="0">
   <subfield code="a">Mass spectrometric studies of estrogen receptors from largemouth bass (Micropterus salmoides)</subfield>
   <subfield code="h">[electronic resource]</subfield>
   <subfield code="c">by Maria Cristina Argel Dancel.</subfield>
  </datafield>
  <datafield tag="264" ind1=" " ind2="1">
   <subfield code="a">Ann Arbor Michigan</subfield>
   <subfield code="b">ProQuest Information and Learning Company</subfield>
   <subfield code="c">[2006]</subfield>
  </datafield>
  <datafield tag="300" ind1=" " ind2=" ">
   <subfield code="a">1 computer file (111 pages)</subfield>
   <subfield code="b">illustrations.</subfield>
  </datafield>
  <datafield tag="336" ind1=" " ind2=" ">
   <subfield code="a">text</subfield>
   <subfield code="2">rdacontent</subfield>
  </datafield>
  <datafield tag="337" ind1=" " ind2=" ">
   <subfield code="a">computer</subfield>
   <subfield code="2">rdamedia</subfield>
  </datafield>
  <datafield tag="338" ind1=" " ind2=" ">
   <subfield code="a">online resource</subfield>
   <subfield code="2">rdacarrier</subfield>
  </datafield>
  <datafield tag="502" ind1=" " ind2=" ">
   <subfield code="a">Thesis (Ph.D.)--University of Florida, 2005.</subfield>
  </datafield>
  <datafield tag="520" ind1=" " ind2=" ">
   <subfield code="a">Estrogen receptors (ERs) are members of the nuclear steroid receptor superfamily of multi-domain proteins that initiate gene transcription through DNA and ligand binding. Previous studies using largemouth bass (LMB, Micropterus salmoides, have shown that both the male and female have three different ER mRNAs: fER[alpha], fER[beta] and fER[gamma]. These isotypes have unique tissue-expression patterns and probably control different sets of genes. To better understand their specific functions, it is important to measure the actual concentrations of the native proteins in various tissues. In this dissertation, proteomics and bioinformatics tools were used to identify characteristic peptides for the LMB ERs. Two of the ERs were expressed as recombinant proteins in E. coli and they served as external standards for method development. Intact proteins were analyzed by sodium dodecyl sulfate poly-acrylamide electrophoresis (SDS-PAGE) and the molecular weight was determined by matrix-assisted laser desorption time-of-flight mass spectrometry (MALDI-TOF-MS) in the linear mode. To further characterize these proteins, peptides were generated by in-gel trypsin digestion and analyzed by MALDI-TOF-MS in the reflectron mode. For this technique, picomole levels of recombinant fER[alpha] were needed. To develop the quantitation method online liquid chromatography electrospray mass spectrometry (LC-ESI-MS2) was used to identify unique tryptic fragments for fER[alpha]. Peptides were evaluated for their ion signal intensities and their specificities. From these peptides, the LIFAQDLILDR fragment was chosen as the best candidate and synthesized with a heavy-isotope labeled leucine at the seventh position. Results showed that LC-ESI-MS[superscript n] detected femtomole levels of the peptide standard and should enable quantitation of the native ERs in LMB tissues. Based on this work, automation and shorter sample preparation times are recom-mended for tissue preparation, ER isolation and MS analyses due to the short half-life of the receptor proteins and the higher abundance of oxidizable methionines compared to most cellular proteins. The same procedures can be used to develop peptide standards for the LMB ER beta and gamma.--Abstract.</subfield>
  </datafield>
  <datafield tag="650" ind1=" " ind2="0">
   <subfield code="a">Mass spectrometry.</subfield>
  </datafield>
  <datafield tag="650" ind1=" " ind2="0">
   <subfield code="a">Estrogen</subfield>
   <subfield code="x">Receptors.</subfield>
  </datafield>
  <datafield tag="856" ind1=" " ind2=" ">
   <subfield code="z">Full text access requires UP Webmail login</subfield>
   <subfield code="u">https://drive.google.com/file/d/1VJ67l2tO2YeJXKOR92FixWRzsd736Co5/view</subfield>
  </datafield>
  <datafield tag="905" ind1=" " ind2=" ">
   <subfield code="a">FI</subfield>
  </datafield>
  <datafield tag="852" ind1="0" ind2=" ">
   <subfield code="a">UPD</subfield>
   <subfield code="b">DMLF</subfield>
  </datafield>
  <datafield tag="942" ind1=" " ind2=" ">
   <subfield code="a">Electronic Resource</subfield>
  </datafield>
 </record>
</collection>
